00609 2200217 4500001002100000005001500021035002000036007000300056008004100059020002200100100002000122245008100142250001000223260003000233300003700263700002000300082000800320084001400328650001400342990003500356INLIS00000000000756920260313102137 a0010-0226000005ta260313 0 ind  a978-602-97912-2-81 aSunyoto, Danang1 aManajemen Operasional :bTeori, Soal-Jawab, & Soal Mandiri /cDanang Sunyoto acet.1 aYogyakarta :bCAPS,c2011 aviii, 128 hlm. :bilus. ;c26 cm1 aWahyudi, Danang a650 a650 Sun m 4aManajemen ac.1/25/Polbangtan Yoma/ha/2026